Thiền luận; Quyển trung

Na minha lista:
Detalhes bibliográficos
Autor principal: Daisetzteitaro Suzuki
Formato: Livro
Idioma:Undetermined
Publicado em: Tp. HCM Nxb. Tp. HCM 1998
Assuntos:
Tags: Adicionar Tag
Sem tags, seja o primeiro a adicionar uma tag!
Thư viện lưu trữ: Trung tâm Học liệu Trường Đại học Cần Thơ
LEADER 00481nam a2200169Ia 4500
001 CTU_27932
008 210402s9999 xx 000 0 und d
082 |a 294.3927 
082 |b S968/T.2 
100 |a Daisetzteitaro Suzuki 
245 0 |a Thiền luận; Quyển trung 
245 0 |c Daisetzteitaro Suzuki, Trúc Thiên 
260 |a Tp. HCM 
260 |b Nxb. Tp. HCM 
260 |c 1998 
650 |a zen buddhism 
980 |a Trung tâm Học liệu Trường Đại học Cần Thơ